00530nam a2200181Ia 4500003000400000005001700004008004100021020002200062040000700084041000800091082002100099100001900120245012200139260003800261300001600299365001300315650002000328OSt20230501114406.0210423s2012 xx 000 0 und d a978-81-280-0047-8 cAL aeng a361.1 223bSUBS aSUBRAMANYA (G) aSocial problems: For B A degree course of all universities also useful for KAS IAS and other competitive examinations aBangalorebSapna Book Housec2012 axiv,487bPB b250cINR aSocial Problems